000 00372 a2200169 4500
001 187610
020 _a85-209-0647-8
040 _cMagnum
100 _aOrthof, Sylvia
240 1 0 _aUxa, ora fada, ora bruxa
_lpor
245 1 0 _aUxa, ora fada, ora bruxa
300 _a28
362 0 _a1985
440 1 _aNova Fronteira
697 _aLITERATURA INFANTO
942 _cBK
999 _c187610
_d187610